| 000 | 00754nam a2200241 a 4500 | ||
|---|---|---|---|
| 001 | 43273 | ||
| 003 | BD-RjUL | ||
| 005 | 20211209053656.0 | ||
| 008 | 160620s1964 xx a 001 0 eng | ||
| 035 | _a(BD-RjUL)43391 | ||
| 040 |
_aDLC _cOAU _dUk _dUk _dBD-RjUL _beng |
||
| 041 | _aeng | ||
| 082 |
_a388.0941 _bGWT 1964 |
||
| 100 | 1 |
_aGwilliam, K. M. _9132917 |
|
| 245 | 1 | 0 |
_aTransport and public policy / _cby K. M. Gwilliam. |
| 260 |
_aLondon : _bAllen & Unwin, _c1964 |
||
| 300 |
_a259 p. : _bill. ; _c23 cm. |
||
| 500 | _aIncludes index | ||
| 650 | 0 |
_aTransportation _zGreat Britain. _9132918 |
|
| 830 |
_aMinerva series of students' handbooks, _vno. 11 _9129432 |
||
| 942 |
_2ddc _cBK |
||
| 999 |
_c43273 _d43273 |
||